书目信息 |
| 题名: |
中国谜语大全
|
|
| 作者: | 王仿 编 | |
| 分册: | ||
| 出版信息: | 上海 上海文艺出版社 1983 |
|
| 页数: | 562页 | |
| 开本: | 21cm | |
| 丛书名: | ||
| 单 册: | ||
| 中图分类: | I277.8 , I277.3 | |
| 科图分类: | ||
| 主题词: | 谜语--中国--选集 | |
| 电子资源: | ||
| ISBN: | ||
| 000 | 00581nam0 2200229 45 | |
| 001 | 1558898766 | |
| 005 | 20150129162204.65 | |
| 010 | @dCNY5.60 | |
| 100 | @a19950612d1983 em y0chiy0121 ea | |
| 101 | 0 | @achi |
| 102 | @aCN@b310000 | |
| 105 | @ay f 000zy | |
| 200 | 10 | @a中国谜语大全@Azhong guo mi yu da quan@f王仿编 |
| 210 | @a上海@c上海文艺出版社@d1983 | |
| 215 | @a562页@d21cm | |
| 606 | @a谜语@y中国@x选集 | |
| 690 | @aI277.8@v3 | |
| 690 | @aI277.3@v4 | |
| 701 | 0 | @a王仿@Awang fang@4编 |
| 801 | 0 | @aCN@bTSSF@c20150129 |
| 801 | 2 | @aCN@bNLC |
| 905 | @aZUCC@dI277.3@eJY33 | |
| 中国谜语大全/王仿编.-上海:上海文艺出版社,1983 |
| 562页;21cm |
| ISBN :CNY5.60 |
| ● |
| 相关链接 |
|
|
|
|
正题名:中国谜语大全
索取号:I277.3/JY33
 
预约/预借
| 序号 | 登录号 | 条形码 | 馆藏地/架位号 | 状态 | 备注 |
| 1 | 7863951 | 278639519 | 学院路分馆/ [索取号:I277.3/JY33] | 在馆 | |
| 2 | 7863952 | 278639528 | 学院路分馆/ [索取号:I277.3/JY33] | 在馆 |